000 00512nab a2200145Ia 4500
003 ES-SlBCS
005 20210601135643.0
008 140529s1999 xxu||||| |||| 00| 0 spa d
041 _aspa
100 1 _aTorres Luna, M. Pilar de
_9234839
245 0 0 _aLa archicofradía del glorioso apostol Santiago (Galicia-España). Medio milenio de existencia
_c M. Pilar de Torres Luna
650 0 4 _aSantiago-Archicofradía
_9234840
773 0 _tCompostellanum
_gvol. 43, nº. 43, 1999, págs. 647-658
_wRev130
942 _cAR
999 _c631752
_d631752